Carmen Calvo (Record no. 5048)

MARC details
000 - LÍDER
campo de control de longitud fija 00787nam a2200205Ia 4500
008 - ELEMENTOS DE DATOS DE LONGITUD FIJA - INFORMACIÓN GENERAL
campo de control de longitud fija 0000001990 sp a 0000000000spa00
090 ## - NÚMERO DE LLAMADA DE TIPO LC LOCALMENTE ASIGNADO (OCLC)
Número de clasificación (OCLC) (R) PSP00 C14c1
100 1# - ENTRADA PRINCIPAL - NOMBRE PERSONAL
Nombre de la persona Calvo, Carmen
Fechas asociadas a un nombre 1950
245 10 - TÍTULO DECLARACIÓN
Título Carmen Calvo
Resto del título : pinturas y montajes
Declaración de responsabilidad / fotografías J.(v Monzó
260 ## - PUBLICACIÓN, DISTRIBUCIÓN
Lugar de publicación Madrid : Gamarra Garrigues
Fecha de publicación 1990
300 ## - DESCRIPCIÓN FÍSICA
Alcance [20] p.
Dimensiones / 27 cm.
500 ## - NOTA GENERAL
Nota general Exposición realizada en Gamarra & Garrigues, Madrid, Diciembre 1989 Enero 1990 \ Con el patronazgo del maestro venezolano Jesús Rafael Soto (q.e.p.d.) \
600 00 - ENTRADA DE SUJETO AÑADIDO - NOMBRE PERSONAL
Nombre de la persona CALVO, CARMEN, 1950/
Subdivisión general TRABAJOS PICTORICOS
650 14 - ENTRADA DE SUJETO AÑADIDO - TÉRMINO TÓPICO
Término tópico o elemento de entrada del nombre geográfico ARTISTAS PLASTICOS ESPAÑOLES
650 14 - ENTRADA DE SUJETO AÑADIDO - TÉRMINO TÓPICO
Subdivisión general CATALOGOS
650 14 - ENTRADA DE SUJETO AÑADIDO - TÉRMINO TÓPICO
Término tópico o elemento de entrada del nombre geográfico ENSAMBLAJE (ARTE)
650 14 - ENTRADA DE SUJETO AÑADIDO - TÉRMINO TÓPICO
Subdivisión general EXPOSICIONES
650 14 - ENTRADA DE SUJETO AÑADIDO - TÉRMINO TÓPICO
Término tópico o elemento de entrada del nombre geográfico PINTURA ESPAÑOLA
700 1# - ENTRADA AGREGADA - NOMBRE PERSONAL
Nombre de la persona Monzo, J. (v
Holdings
Estado de retirada Pérdida de estatus Estado dañado No para préstamo Código de recogida Ubicación permanente Ubicación actual Ubicación de las estanterías Fecha de adquisición Número de llamada completo Código de barras Fecha de la última vez que se vio Número de copia Precio efectivo desde Tipo de artículo Koha
        General ArtNexus ArtNexus General 06/09/2022 P-SP-00 C14C1 5052 06/09/2022 Ej.1 06/09/2022 Libro

Powered by Koha